=LDR 00000nam 2200000 4500 =001 INLIS000000000023685 =005 20130612122327 =008 ***********************************Ind** =035 ##$$0010-061300000023685 =041 ##$$a Ind =082 ##$$a 658.1 =090 ##$$a 658.1, Ano-p =100 ##$$a Anoraga, Pandji =245 ##$$a Perilaku Keorganisasian, Pandji Anoraga, Sri Suyati =260 ##$$a 1995 $b Jakarta =300 ##$$a x, 282 hlm., ilus, 20,5 cm =650 ##$$a Manajemen =850 ##$$a NBPNMAT